000 00534nam a2200217Ia 4500
003 OSt
005 20220928143145.0
006 a|||||r|||| 00| 0
007 ta
008 220927b |||||||| |||| 00| 0 eng d
024 _a21322
037 _cTextual
040 _aSDCL
_cSDCL
_beng
041 _2eng
_aeng
082 _aP152, K2
100 _aVajpayee Kishori Das
_9503418
245 0 _aHindi shabdanushasan.
260 _c1962
942 _hP152, K2
_cTEXL
_2CC
999 _c823365
_d823365